[Event "BOL-ch qual (Women) 2nd"]
[Site "La Paz"]
[Date "2016.04.17"]
[Round "7"]
[White "Vargas D, Carolina"]
[Black "Prado, Alexandra"]
[Result "0-1"]
[WhiteElo "1492"]
[BlackElo "1828"]
[PlyCount "74"]
[EventDate "2016.04.14"]
[EventType "swiss"]
[EventRounds "7"]
[EventCountry "BOL"]
[SourceTitle "CBM 171 Extra"]
[Source "ChessBase"]
[SourceDate "2016.04.26"]
[SourceVersion "1"]
[SourceVersionDate "2016.04.26"]
[SourceQuality "1"]

1. d4 Nf6 2. Bg5 g6 3. Bxf6 exf6 4. g3 Bg7 5. Bg2 d6 6. c4 0-0 7. e3 Nd7 8. Ne2 f5 9. Nbc3 Re8 10. 0-0 c6 11. d5 c5 12. Qc2 Ne5 13. b3 Ng4 14. Rae1 Nf6 15. Kh1 a6 16. a4 Bd7 17. Ra1 b6 18. Kg1 Qe7 19. Rfe1 Rab8 20. Reb1 Ne4 21. Ra2 h5 22. Kf1 Qe5 23. Rc1 Bf6 24. Bxe4 fxe4 25. Ke1 Bg4 26. Ng1 Qf5 27. Nd1 b5 28. axb5 axb5 29. Rb1 b4 30. Rc1 Kg7 31. Kd2 h4 32. Ra6 Rbd8 33. Raa1 hxg3 34. hxg3 Rh8 35. Ne2 Rh2 36. Ke1 Qf3 37. Kd2 Qxe2# 0-1

[Event "BOL-ch qual (Women) 2nd"]
[Site "La Paz"]
[Date "2016.04.16"]
[Round "5"]
[White "Vargas D, Carolina"]
[Black "Colque, Aracely"]
[Result "1-0"]
[WhiteElo "1492"]
[BlackElo "1668"]
[PlyCount "107"]
[EventDate "2016.04.14"]
[EventType "swiss"]
[EventRounds "7"]
[EventCountry "BOL"]
[SourceTitle "CBM 171 Extra"]
[Source "ChessBase"]
[SourceDate "2016.04.26"]
[SourceVersion "1"]
[SourceVersionDate "2016.04.26"]
[SourceQuality "1"]

1. d4 d5 2. Nf3 Bf5 3. Bg5 h6 4. Bh4 g5 5. Bg3 Nf6 6. e3 a6 7. Bd3 Be4 8. h3 e6 9. Be5 Bd6 10. Bxf6 Qxf6 11. Bxe4 dxe4 12. Nfd2 Qg6 13. a3 Nc6 14. Nc3 f5 15. Qe2 0-0-0 16. 0-0-0 Ne7 17. Nc4 Nd5 18. Nxd6+ Rxd6 19. Nxd5 exd5 20. g3 Rf8 21. h4 Rf7 22. hxg5 hxg5 23. Qh5 Rff6 24. Qxg6 Rxg6 25. Rh5 c6 26. Kd2 b5 27. Rdh1 a5 28. Rh8+ Kc7 29. R1h7+ Rd7 30. Rxd7+ Kxd7 31. Rh7+ Kd6 32. Rf7 Ke6 33. Ra7 a4 34. Rc7 Kd6 35. Rf7 Ke6 36. Rh7 Rf6 37. Rg7 g4 38. Rh7 Kd6 39. Rh5 Ke6 40. Kc3 Kd6 41. Kb4 Kc7 42. Kc5 Kb7 43. Rh7+ Ka6 44. Rc7 f4 45. Rxc6+ Rxc6+ 46. Kxc6 f3 47. Kxd5 Kb6 48. Kxe4 Ka5 49. d5 b4 50. axb4+ Kxb4 51. d6 a3 52. bxa3+ Kxa3 53. d7 Kb2 54. d8Q 1-0

[Event "Pan American-ch U12 Girls"]
[Site "Cali"]
[Date "2015.06.29"]
[Round "3"]
[White "Vargas D, Carolina"]
[Black "Bustamante Malpartida, Nayeli Aleydis Rubi"]
[Result "1-0"]
[WhiteElo "1324"]
[BlackElo "1533"]
[PlyCount "101"]
[EventDate "2015.06.28"]
[EventType "swiss"]
[EventRounds "9"]
[EventCountry "COL"]
[SourceTitle "EXT 2016"]
[Source "ChessBase"]
[SourceDate "2015.10.08"]
[SourceVersion "1"]
[SourceVersionDate "2015.10.08"]
[SourceQuality "1"]

1. d4 Nf6 2. Bg5 g6 3. Bxf6 exf6 4. e3 Bg7 5. Nf3 d6 6. Bd3 0-0 7. 0-0 Be6 8. c4 c6 9. Nc3 d5 10. c5 Nd7 11. b4 b6 12. Qc2 f5 13. Ne2 b5 14. a4 a6 15. axb5 axb5 16. Ra2 Qc7 17. Rfa1 Qb7 18. Ng5 Rfb8 19. Rxa8 Rxa8 20. Ra2 Ra7 21. Nc3 h6 22. Nxe6 fxe6 23. Rxa7 Qxa7 24. Qa2 Qxa2 25. Nxa2 Nb8 26. Kf1 Kf7 27. Ke2 e5 28. dxe5 Bxe5 29. h3 Na6 30. Kd2 g5 31. Bxf5 Kf6 32. Bc8 Nb8 33. Nc1 Bh2 34. g3 h5 35. Ke1 h4 36. Ne2 hxg3 37. fxg3 Ke5 38. Kf2 Ke4 39. Nc1 Bxg3+ 40. Kxg3 Kxe3 41. Bf5 Kd2 42. Nd3 Na6 43. Kg4 Kc3 44. Kxg5 Nxb4 45. Nxb4 Kxb4 46. h4 Kc3 47. h5 b4 48. h6 b3 49. h7 d4 50. h8Q b2 51. Qe5 1-0